| 000 | 00443nam a2200193Ia 4500 | ||
|---|---|---|---|
| 005 | 20251020182547.0 | ||
| 008 | 200515s9999 xx 000 0 und d | ||
| 082 | _a747:745/A81 | ||
| 100 | _aAsencio Cerver, Francisco | ||
| 245 | 0 | _aNueva Arquitectura | |
| 260 | _aBarcelona | ||
| 260 | _c1997 | ||
| 300 | _a191 | ||
| 520 | _aEjemplos arquitectónicos | ||
| 650 | _aARQUITECTURA | ||
| 650 | _aDISEÑO | ||
| 650 | _aLIB | ||
| 942 | _cLIB | ||
| 999 |
_c2592 _d2592 |
||